000 00824nam a2200289Ia 4500
001 86879
003 IT-RoPAU
008 130308s9999 xx 000 0 und d
040 _aIT-RoPAU
040 _cIT-RoPAU
041 _aITALIANO
100 _aPellitteri Giuseppe
100 _gCodice Aut. SPICS: 2751
245 _aElenco alfabetico generale dei caratteri
245 _bEnciclopedia della Stampa-4-Repertorio biografico Lessico Pentaglotta, Vocabolario, Prontuari
250 _a1a ed.
260 _aTORINO
260 _bSEI
260 _c1969 [1° Ed.:1969 - Ed.Ling.Originale:1969]
300 _a"27 p. (prefazione: no ; testo: 27 [pagine: 879-905])"
650 _aENCICLOPEDIE SULL'EDITORIA
650 _eCodice materia Spics: 6601
942 _cBK
957 _71
999 _c49252
_d49252
999 _bSI
999 _g1